Geboren in Sigmaringen - Statistiken

Allgemein
  • Dieses Quiz wurde 8 mal gespielt
  • Das Durchschnittsergebnis liegt bei 1 aus 7
Antwortstatistiken
Hinweis Antwort % Korrekt
Rennfahrer in der Formel-E, früherer Formel 1 und DTM Fahrer 1994 Pascal Wehrlein
63%
CDU-Politiker und Ministerpräsident Baden-Württembergs von 1978 bis 1991 1937 Lothar Späth
25%
Bürgermeister von Sigmaringen seit 2018 und ehemaliger Medaillengewinner bei den Paralympics 1972 Marcus Ehm
25%
Fürst und König von Rumänien von 1839 bis 1914 1839 Karl I.
13%
König von Rumänien von 1914 bis 1927 1865 Ferdinand I.
0%
katholischer Ordenspriester, Märtyrer und Heiliger 1578 Fidelis von Sigmaringen
0%
Vorsitzender der Deutschen Bischofskonferenz von 1987 bis 2008 und Bischof von Mainz von 1983 bis 2016 1936 Karl Lehmann
0%
Keine übereinstimmenden Quizze gefunden
Verteilung der Resultate
Anzahl Personen mit jedem Resultat
Perzentil nach korrekt beantworteten Fragen
Ihre Resultats-Entwicklung
Sie haben dieses Quiz noch nicht gespielt